[Event "Heusenstamm Schloss op"]
[Site "Heusenstamm"]
[Date "2023.11.24"]
[Round "3"]
[White "Plaumann, Arvin"]
[Black "Villwock, Martin"]
[Result "1/2-1/2"]
[WhiteElo "1805"]
[BlackElo "2073"]
[PlyCount "45"]
[EventDate "2023.11.23"]
[EventType "swiss"]
[EventRounds "7"]
[EventCountry "GER"]
[SourceTitle "CB50_2023"]
[SourceDate "2023.12.13"]
[SourceVersion "1"]
[SourceVersionDate "2023.12.13"]
[SourceQuality "1"]

1. d4 d5 2. Nf3 Nf6 3. g3 c6 4. c4 e6 5. Bg2 Nbd7 6. b3 Bb4+ 7. Bd2 Bd6 8. Nc3 0-0 9. 0-0 b6 10. Re1 Bb7 11. Bc1 Rc8 12. Nd2 c5 13. Bb2 Qe7 14. dxc5 bxc5 15. cxd5 exd5 16. e4 d4 17. Nd5 Nxd5 18. exd5 Qd8 19. Nc4 Nf6 20. b4 Bxd5 21. Bxd5 Nxd5 22. Nxd6 Qxd6 23. bxc5 1/2-1/2

[Event "Vienna op"]
[Site "Vienna"]
[Date "2019.08.17"]
[Round "1"]
[White "Yankelevich, Lev"]
[Black "Villwock, Martin"]
[Result "1-0"]
[WhiteElo "2480"]
[BlackElo "2144"]
[PlyCount "107"]
[EventDate "2019.08.17"]
[EventType "swiss"]
[EventRounds "9"]
[EventCountry "AUT"]
[SourceTitle "EXT 2020"]
[Source "ChessBase"]
[SourceDate "2019.10.17"]
[SourceVersion "1"]
[SourceVersionDate "2019.10.17"]
[SourceQuality "1"]

1. d4 Nf6 2. c4 c5 3. d5 e6 4. Nc3 exd5 5. cxd5 d6 6. Nf3 g6 7. Nd2 Nbd7 8. e4 Bg7 9. Be2 0-0 10. 0-0 a6 11. a4 Re8 12. f4 Rb8 13. a5 b5 14. axb6 Nxb6 15. Bf3 Qc7 16. Re1 c4 17. Nf1 Nfd7 18. Be3 Nc5 19. Re2 Nd3 20. Ra3 f5 21. exf5 Bxf5 22. Rxa6 Nb4 23. Nb5 Qd7 24. Rxb6 Rxb6 25. Bxb6 Rxe2 26. Qxe2 Qxb5 27. Ba7 Qd7 28. Be3 Bd3 29. Qd2 Nc2 30. Be2 Qb5 31. f5 Qb4 32. Bxd3 cxd3 33. Qxd3 Nxe3 34. Nxe3 Qe1+ 35. Nf1 gxf5 36. Qxf5 Bd4+ 37. Kh1 Bxb2 38. g3 Qe5 39. Qxe5 Bxe5 40. Kg2 Kf7 41. Kf3 Kf6 42. Ke4 Bc3 43. Ne3 Bb4 44. Nf5 Kg5 45. h3 Bc5 46. Ng7 Kf6 47. Ne6 Bf2 48. g4 h6 49. Nd4 Bxd4 50. Kxd4 Kg5 51. Ke4 Kh4 52. Kf5 Kxh3 53. g5 hxg5 54. Kxg5 1-0

[Event "Karlsruhe Grenke op"]
[Site "Karlsruhe"]
[Date "2019.04.19"]
[Round "2"]
[White "Menezes, Christoph"]
[Black "Villwock, Martin"]
[Result "1-0"]
[WhiteElo "2399"]
[BlackElo "2194"]
[PlyCount "139"]
[EventDate "2019.04.18"]
[EventType "swiss"]
[EventRounds "9"]
[EventCountry "GER"]
[SourceTitle "CBM 189 Extra"]
[Source "ChessBase"]
[SourceDate "2019.06.03"]
[SourceVersion "1"]
[SourceVersionDate "2019.06.03"]
[SourceQuality "1"]

1. Nf3 c5 2. c4 Nc6 3. Nc3 g6 4. e3 Nf6 5. d4 cxd4 6. exd4 d5 7. cxd5 Nxd5 8. Qb3 e6 9. Bb5 Bg7 10. 0-0 0-0 11. Bxc6 bxc6 12. Re1 Qc7 13. Na4 Rb8 14. Qc2 Nb4 15. Qd1 Rd8 16. a3 Na6 17. Bg5 f6 18. Bh4 c5 19. Rc1 Bb7 20. Bg3 e5 21. Qe2 Qd7 22. Qc4+ Qd5 23. Qxd5+ Bxd5 24. dxe5 Bh6 25. Rc3 f5 26. Bh4 Re8 27. Bf6 Bf8 28. Nd2 Bc6 29. b3 Bxa4 30. bxa4 Nc7 31. Rc2 Nd5 32. Bh4 Bh6 33. f3 Nf4 34. Bg3 Nd3 35. Rd1 Be3+ 36. Kf1 f4 37. Be1 Nxe5 38. Ne4 Red8 39. Nf6+ Kf7 40. Nd5 Bd4 41. Nxf4 Rb3 42. Ne2 Rxa3 43. a5 Nd3 44. Nxd4 Nxe1 45. Rxc5 Nd3 46. Rc7+ Kf6 47. Nc6 Rd6 48. Nb4 Ke5 49. Nxd3+ Rdxd3 50. Rxd3 Rxd3 51. Re7+ Kf4 52. Rxh7 a6 53. Rf7+ Ke5 54. Ra7 Rd6 55. Rb7 Rd5 56. Rb6 Rxa5 57. Rxg6 Kf4 58. Re6 Ra1+ 59. Kf2 a5 60. h4 a4 61. Re4+ Kf5 62. g4+ Kf6 63. Kg3 a3 64. Kf4 a2 65. Ra4 Rh1 66. Rxa2 Rxh4 67. Ra6+ Kg7 68. Kg5 Rh1 69. Ra7+ Kf8 70. f4 1-0

[Event "Heusenstamm Sparkassen op-A 5th"]
[Site "Heusenstamm"]
[Date "2018.11.25"]
[Round "6"]
[White "Vakulenko, Aleksandr"]
[Black "Villwock, Martin"]
[Result "1/2-1/2"]
[WhiteElo "1999"]
[BlackElo "2182"]
[PlyCount "101"]
[EventDate "2018.11.22"]
[EventType "swiss"]
[EventRounds "7"]
[EventCountry "GER"]
[SourceTitle "CBM 188 Extra"]
[Source "ChessBase"]
[SourceDate "2019.02.26"]
[SourceVersion "1"]
[SourceVersionDate "2019.02.26"]
[SourceQuality "1"]

1. d4 Nf6 2. c4 e6 3. Nc3 c5 4. d5 exd5 5. cxd5 d6 6. e4 g6 7. f4 Qe7 8. Bd3 Bg7 9. Nf3 0-0 10. 0-0 Bg4 11. h3 Bxf3 12. Qxf3 Nbd7 13. Be3 a6 14. a4 Rfc8 15. Rae1 Rab8 16. a5 b6 17. axb6 Rxb6 18. Rf2 Rcb8 19. Bc1 Ne8 20. Rfe2 Nc7 21. Qg3 Bf6 22. e5 Bh4 23. exd6 Bxg3 24. Rxe7 Rxd6 25. Ne4 Rxd5 26. Rxd7 Rxd7 27. Nf6+ Kg7 28. Nxd7 Rd8 29. Re3 Bxf4 30. Nxc5 Ne6 31. Rxe6 Bxc1 32. Re2 Rd5 33. b4 a5 34. Bc4 Rd4 35. Bb3 Rxb4 36. Nd3 Rxb3 37. Nxc1 Rb1 38. Rc2 a4 39. Kf2 a3 40. Nd3 Ra1 41. Ke3 h5 42. Kd2 g5 43. Kc3 Kg6 44. Kb3 f6 45. Nb4 h4 46. Na2 g4 47. Kxa3 f5 48. Kb2 Rh1 49. hxg4 fxg4 50. Nc3 h3 51. gxh3 1/2-1/2

[Event "Ruhrgebiet Regionalliga 1819"]
[Site "Nordrheinwestfalen"]
[Date "2018.11.11"]
[Round "4.2"]
[White "Buschmann, Andreas"]
[Black "Villwock, Martin"]
[Result "0-1"]
[WhiteElo "2011"]
[BlackElo "2119"]
[PlyCount "83"]
[EventDate "2018.09.02"]
[EventType "team-tourn"]
[EventRounds "11"]
[EventCountry "GER"]
[SourceTitle "EXT 2022"]
[Source "ChessBase"]
[SourceDate "2021.10.06"]
[SourceVersion "1"]
[SourceVersionDate "2021.10.06"]
[SourceQuality "1"]
[WhiteTeam "Horst Emscher"]
[BlackTeam "Essen Katernberg II"]
[WhiteTeamCountry "GER"]
[BlackTeamCountry "GER"]

1. d4 Nf6 2. c4 c5 3. d5 e6 4. Nc3 exd5 5. cxd5 d6 6. e4 g6 7. f4 Qe7 8. Nf3 Bg4 9. Bd3 Bg7 10. 0-0 0-0 11. h3 Bxf3 12. Qxf3 a6 13. a4 Nbd7 14. Bd2 Rac8 15. Rae1 c4 16. Bc2 Rfe8 17. g4 Qd8 18. Kg2 Rb8 19. g5 Nh5 20. Nd1 b5 21. axb5 axb5 22. Bc3 b4 23. Bxg7 Nxg7 24. Ne3 b3 25. Bb1 Rc8 26. Rc1 c3 27. Rxc3 Rxc3 28. bxc3 Qa5 29. Nc4 Qa6 30. Nd2 Rb8 31. c4 Qa1 32. Re1 Nh5 33. Qe3 Qb2 34. Kf3 f6 35. gxf6 Qxf6 36. Kg4 Qb2 37. h4 Qg7 38. Kh3 Rf8 39. Rf1 Qh6 40. Kg4 Ne5+ 41. Kh3 Nxf4+ 42. Kh2 0-1

[Event "Maastricht Limburg op 12th"]
[Site "Maastricht"]
[Date "2018.05.21"]
[Round "6"]
[White "Donchenko, Alexander"]
[Black "Villwock, Martin"]
[Result "1-0"]
[WhiteElo "2587"]
[BlackElo "2153"]
[PlyCount "73"]
[EventDate "2018.05.18"]
[EventType "swiss"]
[EventRounds "7"]
[EventCountry "NED"]
[SourceTitle "CBM 184 Extra"]
[Source "ChessBase"]
[SourceDate "2018.06.28"]
[SourceVersion "1"]
[SourceVersionDate "2018.06.28"]
[SourceQuality "1"]

1. d4 Nf6 2. c4 c5 3. d5 e6 4. Nc3 exd5 5. cxd5 d6 6. Nf3 g6 7. Bf4 a6 8. a4 Bg7 9. h3 0-0 10. e3 Ne8 11. Be2 Nd7 12. 0-0 Ne5 13. Nd2 Rb8 14. Bh2 f5 15. Qc2 Bd7 16. a5 Qe7 17. Rae1 g5 18. f4 Ng6 19. Kh1 gxf4 20. exf4 Qf7 21. Bd3 Nh4 22. Nc4 Bb5 23. Re6 Bxc4 24. Bxc4 Rd8 25. Rfe1 Ng6 26. Na4 Nc7 27. Nxc5 Nxe6 28. dxe6 Qe7 29. Nd7 Rfe8 30. Qxf5 Kh8 31. Re2 Rc8 32. b3 d5 33. Qxd5 Qa3 34. Re1 Qb4 35. Rf1 Ne7 36. Qh5 Ng8 37. Bd3 1-0

[Event "Maastricht Limburg op 12th"]
[Site "Maastricht"]
[Date "2018.05.20"]
[Round "4"]
[White "Villwock, Martin"]
[Black "Bauer, Christian"]
[Result "0-1"]
[WhiteElo "2153"]
[BlackElo "2644"]
[PlyCount "76"]
[EventDate "2018.05.18"]
[EventType "swiss"]
[EventRounds "7"]
[EventCountry "NED"]
[SourceTitle "CBM 184 Extra"]
[Source "ChessBase"]
[SourceDate "2018.06.28"]
[SourceVersion "1"]
[SourceVersionDate "2018.06.28"]
[SourceQuality "1"]

1. e4 c6 2. d4 d5 3. e5 Bf5 4. h4 h6 5. g4 Bd7 6. c4 Qc8 7. f3 h5 8. cxd5 cxd5 9. g5 Nc6 10. Nc3 e6 11. Nge2 Nge7 12. Ng3 Qd8 13. Be3 Qb6 14. Qd2 Na5 15. Bd3 Rc8 16. b3 Ng6 17. Nge2 Bb4 18. Rc1 0-0 19. Kf2 Rc7 20. f4 Rfc8 21. Qb2 Nxf4 22. Nxf4 Bxc3 23. Rxc3 Rxc3 24. g6 fxg6 25. Qe2 Bb5 26. Rd1 Bxd3 27. Rxd3 Rc2 28. Rd2 Rxd2 29. Qxd2 Nc6 30. Nxg6 Kf7 31. Nf4 Qd8 32. Kg3 Ne7 33. Bf2 Nf5+ 34. Kh3 Qc7 35. Qe2 g6 36. Nxh5 gxh5 37. Qxh5+ Kg8 38. Qg6+ Ng7 0-1

[Event "Ruhrgebiet Verbandsliga Gruppe 1 1718"]
[Site "Germany"]
[Date "2017.09.17"]
[Round "1.1"]
[White "Roth, Markus"]
[Black "Villwock, Martin"]
[Result "1-0"]
[WhiteElo "2143"]
[BlackElo "2075"]
[PlyCount "79"]
[EventDate "2017.09.17"]
[EventType "team-tourn"]
[EventRounds "9"]
[EventCountry "GER"]
[SourceTitle "EXT 2022"]
[Source "ChessBase"]
[SourceDate "2021.10.06"]
[SourceVersion "1"]
[SourceVersionDate "2021.10.06"]
[SourceQuality "1"]
[WhiteTeam "Essen Werden"]
[BlackTeam "Essen Katernberg III"]
[WhiteTeamCountry "GER"]
[BlackTeamCountry "GER"]

1. Nf3 d5 2. c4 d4 3. b4 f6 4. Na3 e5 5. Nc2 c5 6. bxc5 Bxc5 7. d3 Nc6 8. g3 Nge7 9. Bg2 Bg4 10. 0-0 0-0 11. h3 Bh5 12. Rb1 Rb8 13. Nd2 f5 14. Rb5 Qd6 15. Nb3 b6 16. Nxc5 bxc5 17. Ba3 Rxb5 18. cxb5 Na5 19. Qd2 Qc7 20. Rc1 Rc8 21. e3 Qd8 22. exd4 exd4 23. Ne1 Bf7 24. Rxc5 Rxc5 25. Bxc5 Nd5 26. Bxd4 Nb7 27. Bxa7 Nd6 28. a4 f4 29. Nf3 Qc7 30. Bd4 Nf5 31. Be5 Qa7 32. Ng5 fxg3 33. Nxf7 Qxf7 34. fxg3 Nfe3 35. Bxd5 Nxd5 36. Qg5 h6 37. Qg4 Ne7 38. a5 Ng6 39. Qc8+ Kh7 40. Qc7 1-0

[Event "NRW Class1 1516"]
[Site "Germany"]
[Date "2016.03.06"]
[Round "7.6"]
[White "Villwock, Martin"]
[Black "Lemli, Thomas"]
[Result "1-0"]
[WhiteElo "2100"]
[BlackElo "1992"]
[PlyCount "89"]
[EventDate "2015.09.27"]
[EventType "team-tourn"]
[EventRounds "9"]
[EventCountry "GER"]
[SourceTitle "EXT 2017"]
[Source "ChessBase"]
[SourceDate "2016.10.25"]
[SourceVersion "1"]
[SourceVersionDate "2016.10.25"]
[SourceQuality "1"]
[WhiteTeam "Katernberg II"]
[BlackTeam "Emsdetten Rochade"]
[WhiteTeamCountry "GER"]
[BlackTeamCountry "GER"]

1. e4 e6 2. d4 d5 3. Nc3 Nf6 4. e5 Nfd7 5. Nce2 c5 6. c3 Nc6 7. f4 Qb6 8. Nf3 f6 9. a3 Be7 10. h4 0-0 11. Rh3 cxd4 12. cxd4 Na5 13. b4 Nc4 14. Nc3 Qc7 15. Qc2 f5 16. Ng5 Ndb6 17. g4 h6 18. gxf5 Rxf5 19. Nf3 Bd7 20. Bd3 Raf8 21. Nd1 Qd8 22. Ra2 Qe8 23. Qh2 Kh8 24. Rg2 R8f7 25. Rg4 Bb5 26. Nc3 Bd7 27. Ne2 Bf8 28. Ng5 Bb5 29. Nxf7+ Qxf7 30. Nc3 Be8 31. Rg5 Rxg5 32. hxg5 Qc7 33. Bb1 a5 34. bxa5 Nxa5 35. f5 exf5 36. gxh6 g6 37. h7 Bg7 38. Bg5 Nb3 39. Qf4 Qf7 40. Ba2 Na5 41. Bh6 Bxh6 42. Qxh6 Nac4 43. Nxd5 Nxd5 44. Bxc4 Bc6 45. Rg3 1-0